| 000 | 01487nam a2200313 a 4500 | ||
|---|---|---|---|
| 001 | 000016605 | ||
| 003 | DO-SdBNP | ||
| 005 | 20250306141623.0 | ||
| 008 | 100308s1977 dr 000 0 spa d | ||
| 040 |
_aDO-SdBNP _bspa _cBNPHU |
||
| 082 |
_a378.107 _bU58o |
||
| 110 | 2 |
_aUniversidad Autónoma de Santo Domingo. _bOficina de Planificación Universitaria. _936896 |
|
| 245 | 1 | 0 |
_aOPLAU : _bdocumentos. |
| 260 |
_aSanto Domingo : _bUASD, _c1977. |
||
| 300 |
_a202 p. ; _c23 cm. |
||
| 490 | 1 |
_aPublicaciones de la Universidad Autónoma de Santo Domingo _v221 |
|
| 490 | 1 |
_aUniversidad y planificación _v1 |
|
| 490 | 1 |
_aOPLAU _v1 |
|
| 505 | 0 |
_tPresentación -- _tReglamento para la oficina de planificación universitaria -- _tEstructura de puestos de la oficina de planificación universitaria -- _tSistemas de información de estudiantes -- _tOficina de contraloría universitaria -- _tReglamento de administración presupuestaria. |
|
| 590 | _aInventariado, 2018/MFF | ||
| 610 | 1 | 0 |
_aUniversidad Autónoma de Santo Domingo _972951 |
| 610 | 2 | 4 |
_aUNIVERSIDAD AUTÓNOMA DE SANTO DOMINGO _xREGLAMENTOS _918289 |
| 650 | 4 |
_aUniversidades _zRepública Dominicana _9729 |
|
| 650 | 4 |
_aAdministracion universitaria _919530 |
|
| 650 | 4 |
_aPlanificacion universitaria _zRepública Dominicana _919531 |
|
| 830 | 1 |
_aPublicaciones de la Universidad Autónoma de Santo Domingo _v221 _pUniversidad y planificación _n1 _pOPAU _n1 _936897 |
|
| 910 | _aValidado. Control de calidad EMS. | ||
| 942 |
_2ddc _cLBS1 |
||
| 999 |
_c16138 _d16138 |
||